000 01023nam a2200241 a 4500
001 BRCA_519
005 20190320203038.0
008 830813s1978 ---a---###---#000-0#spa-#
040 _aDLC
_cDLC
_dDLC
050 4 _aNE2314
_b.L56 1978
100 1 _aLinati, Claudio
_d1790-1832
_91784
245 1 0 _aTrajes civiles, militares y religiosos de México
_cClaudio Linati ; nota introductoria de Porfirio Martínez Peñaloza; traducción de Luz María de Porrúa y Andrés Henestrosa.
260 _aMéxico
_bMiguel Ángel Porrúa
_c1978
300 _axvi, 220 p.
_bil. a color
_c34 cm.
500 _aTraducción de los textos originales en francés, publicados por primera vez en Bruselas, el año de 1828
650 1 4 _aLitografía
_zMéxico
_91785
650 1 4 _aPrendas de vestir
_xHistoria
_y1828
_91786
651 4 _aMéxico
_xVida social y costumbres
_ySiglo XVIII y XIX
_91787
653 0 _aIndumentaria - Vida cotidiana
700 1 _aMartínez Peñaloza, Porfirio
_91788
700 1 _aHenestrosa, Andrés
_91789
942 _2lcc
_cB
999 _c451
_d451